[Event "Regionalliga NO 0405"]
[Site "Bayern"]
[Date "2005.02.13"]
[Round "7.5"]
[White "Novak, Michal"]
[Black "Schraufl, Wolfhardt"]
[Result "1/2-1/2"]
[WhiteElo "2162"]
[BlackElo "1964"]
[PlyCount "128"]
[EventDate "2004.10.24"]
[EventType "team-tourn"]
[EventRounds "9"]
[EventCountry "GER"]
[SourceTitle "EXT 2007"]
[Source "ChessBase"]
[SourceDate "2006.11.23"]
[SourceVersion "1"]
[SourceVersionDate "2006.11.23"]
[SourceQuality "1"]
[WhiteTeam "Sinzing"]
[BlackTeam "Schwabach"]
[WhiteTeamCountry "GER"]
[BlackTeamCountry "GER"]

1. e4 e5 2. Nf3 d6 3. d4 Nd7 4. Nc3 c6 5. Be2 Ngf6 6. h3 Qe7 7. 0-0 g6 8. dxe5 dxe5 9. Re1 b5 10. a3 Bg7 11. Bg5 h6 12. Be3 Nc5 13. Nd2 0-0 14. b4 Ne6 15. Nb3 Rd8 16. Qc1 Nd4 17. Bf1 Nh5 18. Ne2 Kh7 19. Nc5 Qh4 20. c3 Ne6 21. g3 Qf6 22. a4 Ng5 23. Bxg5 hxg5 24. axb5 cxb5 25. Rd1 Bf8 26. Qe3 g4 27. Rxd8 Qxd8 28. hxg4 Bxg4 29. f3 Bh6 30. Qf2 Qd2 31. Kg2 Bc8 32. g4 Nf6 33. Qh4 Kg7 34. Qe1 Qg5 35. Ng1 Qd2+ 36. Qxd2 Bxd2 37. Bxb5 Bxc3 38. Rb1 Rb8 39. Ba6 Rxb4 40. Rc1 Bxa6 41. Rxc3 Rb2+ 42. Kh1 Bf1 43. Nd3 Rd2 44. Ne1 Kh6 45. Rc2 Rxc2 46. Nxc2 a5 47. Kh2 a4 48. Kg3 Nd7 49. f4 Bd3 50. Na3 f6 51. Kf3 Nc5 52. g5+ Kg7 53. fxe5 fxe5 54. Ke3 Kf7 55. Nf3 Ke6 56. Nd2 Ba6 57. Ndb1 Kd6 58. Nc3 Ne6 59. Nxa4 Nxg5 60. Nc3 Kc5 61. Nab1 Bb7 62. Nd2 Kb4 63. Nd1 Kc5 64. Nf2 Kd6 1/2-1/2

[Event "Regionalliga NO 0405"]
[Site "Bayern"]
[Date "2005.01.16"]
[Round "5.5"]
[White "Schraufl, Wolfhardt"]
[Black "Schneider, Roland"]
[Result "0-1"]
[WhiteElo "1964"]
[BlackElo "2059"]
[PlyCount "60"]
[EventDate "2004.10.24"]
[EventType "team-tourn"]
[EventRounds "9"]
[EventCountry "GER"]
[SourceTitle "EXT 2007"]
[Source "ChessBase"]
[SourceDate "2006.11.23"]
[SourceVersion "1"]
[SourceVersionDate "2006.11.23"]
[SourceQuality "1"]
[WhiteTeam "Schwabach"]
[BlackTeam "Regensburg Eulenspiegel"]
[WhiteTeamCountry "GER"]
[BlackTeamCountry "GER"]

1. e4 c5 2. Nf3 d6 3. d4 cxd4 4. Nxd4 Nf6 5. Nc3 g6 6. Be3 Bg7 7. f3 Nc6 8. Bc4 0-0 9. Qd2 Bd7 10. Bb3 Ne5 11. Bh6 Bxh6 12. Qxh6 Qa5 13. 0-0-0 Rfc8 14. Nde2 Nc4 15. Bxc4 Rxc4 16. g4 Rac8 17. Kb1 Be6 18. Qd2 Qa6 19. h4 b5 20. Nd5 Bxd5 21. exd5 Rxc2 22. Qxc2 Rxc2 23. Kxc2 Qxa2 24. Nc3 Qc4 25. g5 Nd7 26. Kb1 Ne5 27. Rhe1 b4 28. Na4 Qb3 29. f4 Nf3 30. Rf1 Qxa4 0-1

[Event "Regionalliga NO 0405"]
[Site "Bayern"]
[Date "2004.11.14"]
[Round "2.5"]
[White "Dombrowsky, Michael"]
[Black "Schraufl, Wolfhardt"]
[Result "0-1"]
[WhiteElo "2040"]
[BlackElo "1964"]
[PlyCount "46"]
[EventDate "2004.10.24"]
[EventType "team-tourn"]
[EventRounds "9"]
[EventCountry "GER"]
[SourceTitle "EXT 2007"]
[Source "ChessBase"]
[SourceDate "2006.11.23"]
[SourceVersion "1"]
[SourceVersionDate "2006.11.23"]
[SourceQuality "1"]
[WhiteTeam "Nuernberg Sued SW II"]
[BlackTeam "Schwabach"]
[WhiteTeamCountry "GER"]
[BlackTeamCountry "GER"]

1. e4 e5 2. Nf3 d6 3. d4 Nd7 4. c3 c6 5. Bd3 Be7 6. 0-0 Ngf6 7. h3 0-0 8. Be3 Re8 9. Re1 a6 10. a4 b6 11. Nbd2 Bb7 12. b4 Bf8 13. dxe5 Nxe5 14. Nxe5 dxe5 15. Nc4 c5 16. Qb1 Qc7 17. bxc5 Bxc5 18. Nxb6 Rad8 19. a5 Rd6 20. Bxc5 Qxc5 21. c4 Nh5 22. Nd5 Bc8 23. Qb4 Rxd5 0-1